000 00363nam a22001457a 4500
020 _a81-8423-488-0
082 _a894.812.3
_bMOH/U
100 _aMOHANKUMAR, K.V
245 _aUSHNARAASI
_b2018 VAYALAR AWARD NEDIYA KRITHI
_cKARAPPURATHINTE ETHIHASAM
260 _aTHRISSUR
_bGREEN BOOKS
_c2018
300 _a448
520 _aNOVEL
650 _aNOVEL
942 _cBK
999 _c4988
_d4988